Raising the Bar: (Record no. 115246)

MARC details
000 -LEADER
fixed length control field 01358cad a2200253 4500
001 - CONTROL NUMBER
control field L158285
008 - FIXED-LENGTH DATA ELEMENTS--GENERAL INFORMATION
fixed length control field 040913n2012 000 0 eng u
035 ## - SYSTEM CONTROL NUMBER
System control number (Sirsi) u158285
041 ## - LANGUAGE CODE
Language code of text/sound track or separate title eng
110 2# - MAIN ENTRY--CORPORATE NAME
Corporate name or jurisdiction name as entry element Occupiers Journal Limited
9 (RLIN) 6144
245 00 - TITLE STATEMENT
Title Raising the Bar:
Remainder of title Enhancing the Strategic Role of Facilities Management
Medium [electronic resource]
260 ## - PUBLICATION, DISTRIBUTION, ETC.
Place of publication, distribution, etc. London
Name of publisher, distributor, etc. RICS
Date of publication, distribution, etc. 2012
490 #0 - SERIES STATEMENT
Series statement Raising the Bar
Volume/sequential designation I
490 #0 - SERIES STATEMENT
Series statement RICS Research
520 ## - SUMMARY, ETC.
Summary, etc. First in a series of research reports Raising the Bar on facilities management. This study was designed to review the state of the practice of the facilities profession in 2012, to identify critical FM challenges, and to focus in particular on the relationships between FM and other key functional areas such as corporate strategy, business unit leadership, CRE, Finance, HR, and IT. Part II L158282 and Part III L159408.
650 24 - SUBJECT ADDED ENTRY--TOPICAL TERM
Topical term or geographic name entry element Strategic Facilities Management
651 #4 - SUBJECT ADDED ENTRY--GEOGRAPHIC NAME
Geographic name ENGLAND AND WALES
690 ## - LOCAL SUBJECT ADDED ENTRY--TOPICAL TERM (OCLC, RLIN)
Topical term or geographic name as entry element Facilities management
9 (RLIN) 6240
700 1# - ADDED ENTRY--PERSONAL NAME
Personal name Ware, J. P.
700 1# - ADDED ENTRY--PERSONAL NAME
Personal name Carder, Paul
710 1# - ADDED ENTRY--CORPORATE NAME
Corporate name or jurisdiction name as entry element Royal Institution of Chartered Surveyors
9 (RLIN) 4900
856 48 - ELECTRONIC LOCATION AND ACCESS
Uniform Resource Identifier <a href="https://www.rics.org/globalassets/rics-website/media/knowledge/research/research-reports/raising-the-bar-i-enhancing-the-strategic-role-of-fm-rics.pdf">https://www.rics.org/globalassets/rics-website/media/knowledge/research/research-reports/raising-the-bar-i-enhancing-the-strategic-role-of-fm-rics.pdf</a>
Public note View the item free of charge from www.rics.org
942 ## - ADDED ENTRY ELEMENTS (KOHA)
Suppress in OPAC 0
Holdings
Withdrawn status Lost status Source of classification or shelving scheme Damaged status Not for loan Home library Current library Shelving location Date acquired Total Checkouts Full call number Barcode Date last seen Copy number Price effective from Koha item type
    Dewey Decimal Classification     Virtual Virtual Online 24/11/2014   ONLINE PUBLICATION 158285-2001 06/08/2019 1 06/08/2019 Book